Magisches Quadrat - Statistiken

Allgemein
  • Dieses Quiz wurde 34 mal gespielt
  • Das Durchschnittsergebnis liegt bei 53 aus 64
Antwortstatistiken
Feld Zahl % Korrekt
a8 1
100%
h1 11
100%
g3 12
100%
b6 2
100%
d7 3
100%
a4 5
100%
b2 6
100%
d1 7
100%
c3 8
100%
g7 14
97%
g6 17
97%
h8 18
97%
g4 21
97%
f1 23
97%
c4 25
97%
d2 26
97%
b5 29
97%
f6 34
97%
c5 4
97%
e4 9
97%
f2 10
94%
f7 19
94%
e5 20
94%
h2 22
94%
b1 27
94%
a3 28
94%
a7 30
94%
d6 32
94%
g5 36
94%
g1 38
94%
f4 40
94%
d3 41
94%
b4 44
94%
d5 45
94%
c6 49
94%
d8 50
94%
a1 54
94%
f3 57
94%
e7 62
94%
h6 64
94%
h5 13
91%
f8 16
91%
e3 24
91%
h7 35
91%
a2 43
91%
b8 48
91%
b3 53
91%
e1 58
91%
g2 59
91%
h4 60
91%
e6 15
88%
c8 31
88%
c7 46
88%
a5 52
88%
c2 55
88%
e8 33
85%
h3 37x
0%
e2 39x
0%
c1 42x
0%
a6 47x
0%
b7 51x
0%
d4 56x
0%
f5 61x
0%
g8 63x
0%
Keine übereinstimmenden Quizze gefunden
Verteilung der Resultate
Anzahl Personen mit jedem Resultat
Perzentil nach korrekt beantworteten Fragen
Ihre Resultats-Entwicklung
Sie haben dieses Quiz noch nicht gespielt